Synésios de Cyrène: hymnes
Sábháilte in:
| Príomhchruthaitheoir: | |
|---|---|
| Formáid: | LEABHAR |
| Teanga: | Fraincis |
| Foilsithe / Cruthaithe: |
París
Les Belles Lettres
1978
|
| Sraith: | Collection des Universités de France
|
| Ábhair: | |
| Clibeanna: |
Cuir clib leis
Níl clibeanna ann, Bí ar an gcéad duine le clib a chur leis an taifead seo!
|
MARC
| LEADER | 00000nam a2200000 a 4500 | ||
|---|---|---|---|
| 001 | UCI1702 | ||
| 003 | CL-VaPUC | ||
| 008 | 070713e19780000FR |||||||||||||||||fre|d | ||
| 082 | 0 | 4 | |a 875 |b LAC |2 21 |
| 100 | 0 | |a Lacombrade, Christian |e author |9 522352 | |
| 245 | 1 | 0 | |a Synésios de Cyrène: hymnes |
| 300 | |a 138 p | ||
| 942 | |c BK | ||
| 945 | |d 20070713 00:00:00 |a jtorresc | ||
| 260 | |a París |b Les Belles Lettres |c 1978 | ||
| 650 | 0 | |a Discursos latinos |9 266716 | |
| 650 | 0 | |a Filosofía antigua |9 255705 | |
| 583 | |a last modification |c 20070713 00:00:00 |k Rodrigo Vera | ||
| 490 | 0 | |a Collection des Universités de France | |
| 999 | |c 326459 |d 326457 | ||
| 952 | |0 0 |1 0 |4 0 |6 875_000000000000000_LAC_1978 |7 0 |8 DER_ROM |9 408352 |a BIBDER |b BIBDER |d 2019-11-22 |h v.1 |i 3863433 |o 875 LAC 1978 |p 3863433 |r 2023-01-25 |w 2019-11-22 |x Ubicación 4to piso |y BK |z Este recurso debe solicitarse con anticipación |k DER | ||
| 952 | |0 0 |1 0 |4 0 |6 875_000000000000000_LAC_1978 |7 0 |8 DER_ROM |9 408353 |a BIBDER |b BIBDER |d 2019-11-22 |h v.1 |i 3863441 |o 875 LAC 1978 |p 3863441 |r 2023-01-25 |w 2019-11-22 |x Ubicación 4to piso |y BK |z Este recurso debe solicitarse con anticipación |k DER | ||
| 952 | |0 0 |1 0 |4 0 |6 875_000000000000000_LAC_1978 |7 0 |8 DER_ROM |9 408354 |a BIBDER |b BIBDER |d 2019-11-22 |h v.1 |i 386345K |o 875 LAC 1978 |p 386345K |r 2023-01-25 |w 2019-11-22 |x Ubicación 4to piso |y BK |z Este recurso debe solicitarse con anticipación |k DER | ||